00505nam a2200193Ia 4500003000400000005001700004008004100021020001500062040000700077041000800084082002200092100004800114245004300162260003900205300001500244365000800259650002200267650002200289OSt20230427084821.0210423s2006 xx 000 0 und d a1412917956 cAL aeng a324.73 223bKAIL aKAID (Lynda Lee);HOLTZ BACHA (Christina),Ed aSage handbook of political advertising aNew DelhibSage Publicationsc2006 aix,492bHB cINR aPolitical Process aPolitical Science